000 00568nam a2200181 i 4500
001 62209
003 ES-MaACL
005 20230906164627.0
007 t|
008 031118s1970 sp ||||1| spa d
100 1 _aFermoso Estébanez, Paciano.
_949310
245 1 0 _aFilosofía de la educación /
_cPaciano Fermoso Estébanez.
260 _aMadrid :
_bCompañía Bibliográfica Española,
_c1970.
300 _a257 p. ;
_c24 cm.
650 4 _aEducación-
_xFilosofía.
_912079
710 2 _aCompañía Bibliográfica Española.
_9171207
852 _aES-MaACL
_jC-37986
999 _c62209
_d62209